The Songs of the Sage : (4Q510, 4Q511) /
Since its discovery at Qumran in the 1950's, those wishing to study the Songs of the Sage (4Q510, 4Q511) had to approach a scattered grouping of fragments that gave little indication of the overall sequence, structure, and scope of the original composition. In the present volume, Joseph Angel r...
المؤلف الرئيسي:
التنسيق: كتاب الكتروني
اللغة: English
منشور في:
Leiden ; Boston :
Brill,
2022.
سلاسل:
Biblical Studies, Ancient Near East and Early Christianity E-Books Online, Collection 2023.
Dead Sea Scrolls Editions ;
2.
الموضوعات:
الوصول للمادة أونلاين: Login to view Source
الوسوم: إضافة وسم
رقم الطلب: BM488.5
| LEADER | 03255nam a22005178i 4500 | ||
|---|---|---|---|
| 001 | BRILL9789004519428 | ||
| 003 | nllekb | ||
| 005 | 20230510123433.0 | ||
| 006 | m d | ||
| 007 | cr un uuuua | ||
| 008 | 230131s2022 gw sb 001 0 eng d | ||
| 010 | |a 2022020265 | ||
| 020 | |a 9789004518322 |q (print) | ||
| 020 | |a 9789004519428 |q (electronic book) | ||
| 024 | 7 | |a 10.1163/9789004519428 |2 DOI | |
| 035 | |a (OCoLC)1351202770 | ||
| 040 | |a NL-LeKB |c NL-LeKB |e rda | ||
| 041 | |a eng | ||
| 050 | 4 | |a BM488.5 | |
| 072 | 7 | |a HRJ |2 bicssc | |
| 072 | 7 | |a REL |x 040000 |2 bisacsh | |
| 082 | 0 | 4 | |a 296.1/55 |2 23 |
| 100 | 1 | |a Angel, Joseph L., |e author. | |
| 245 | 1 | 4 | |a The Songs of the Sage : |b (4Q510, 4Q511) / |c Joseph L. Angel. |
| 264 | 1 | |a Leiden ; |a Boston : |b Brill, |c 2022. | |
| 264 | 4 | |c ©2022 | |
| 300 | |a 1 online resource | ||
| 336 | |a text |b txt |2 rdacontent | ||
| 337 | |a computer |b c |2 rdamedia | ||
| 338 | |a online resource |2 rdacarrier | ||
| 490 | 1 | |a Biblical Studies, Ancient Near East and Early Christianity E-Books Online, Collection 2023 | |
| 490 | 1 | |a Dead Sea Scrolls Editions ; |v 2 | |
| 504 | |a Includes bibliographical references and index. | ||
| 505 | 0 | |t Preliminary Material / |r Joseph L. Angel -- Copyright Page / |r Joseph L. Angel -- Dedication / |r Joseph L. Angel -- Acknowledgments / |r Joseph L. Angel -- Abbreviations and Sigla / |r Joseph L. Angel -- Bibliography / |r Joseph L. Angel -- Introduction / |r Joseph L. Angel -- 4Q511 / |r Joseph L. Angel -- 4Q510 / |r Joseph L. Angel -- Catalogue of Photographs of 4Q510-511 / |r Joseph L. Angel -- Concordance / |r Joseph L. Angel -- Fragment and Column Number Conversion Charts / |r Joseph L. Angel -- Index of Ancient Sources / |r Joseph L. Angel. | |
| 520 | |a Since its discovery at Qumran in the 1950's, those wishing to study the Songs of the Sage (4Q510, 4Q511) had to approach a scattered grouping of fragments that gave little indication of the overall sequence, structure, and scope of the original composition. In the present volume, Joseph Angel remedies this situation by providing a new edition according to the sequence of the fragments determined by the material reconstruction of the more extensive manuscript, 4Q511. In addition to numerous enhanced readings and fresh English translations, the volume includes a general introduction, apparatus of variant readings, contextualizing commentary, catalog of photographic evidence, and key-word-in-context concordance. This work represents an unparalleled and comprehensive resource for anyone interested in the Songs of the Sage. | ||
| 546 | |a English | ||
| 588 | |a Description based on print version record. | ||
| 630 | 0 | 0 | |a Dead Sea scrolls. |
| 630 | 0 | 0 | |a Dead Sea scrolls. |n 4Q. |
| 776 | 0 | 8 | |i Print version: |t The Songs of the Sage : (4Q510, 4Q511). |d Leiden ; Boston : Brill, 2022. |z 9789004518322 |w (DLC) 2022020264 |w (OCoLC)1350876210 |
| 830 | 0 | |a Biblical Studies, Ancient Near East and Early Christianity E-Books Online, Collection 2023. | |
| 830 | 0 | |a Dead Sea Scrolls Editions ; |v 2. | |
| 856 | 4 | |z DOI: |u http://dx.doi.org/10.1163/9789004519428 | |
| 942 | |2 lcc |c EBOOK | ||
| 952 | |0 0 |1 0 |2 lcc |4 0 |6 BM04885 |7 1 |9 47354 |a BRILL |b BRILL |d 2023-05-10 |l 0 |o BM488.5 |r 2023-05-10 00:00:00 |w 2023-05-10 |y EBOOK | ||
| 999 | |c 52860 |d 52860 | ||
